<?xml version='1.0' encoding='UTF-8'?>
  <record xmlns="http://www.loc.gov/MARC21/slim">
    <leader>00000cam a22000007i 4500</leader>
    <controlfield tag="001">ocm68008201</controlfield>
    <controlfield tag="003">OCoLC</controlfield>
    <controlfield tag="005">20250609144944.4</controlfield>
    <controlfield tag="008">980616s1783    ne            000 0 dut d</controlfield>
    <datafield tag="040" ind1=" " ind2=" ">
      <subfield code="a">NLGGC</subfield>
      <subfield code="b">dut</subfield>
      <subfield code="e">fobidrtb</subfield>
      <subfield code="c">NLGGC</subfield>
      <subfield code="d">OCLCO</subfield>
      <subfield code="d">OCLCL</subfield>
      <subfield code="d">OCLCQ</subfield>
    </datafield>
    <datafield tag="029" ind1="0" ind2=" ">
      <subfield code="a">NLGGC</subfield>
      <subfield code="b">170389502</subfield>
    </datafield>
    <datafield tag="035" ind1=" " ind2=" ">
      <subfield code="a">(OCoLC)68008201</subfield>
    </datafield>
    <datafield tag="100" ind1="1" ind2=" ">
      <subfield code="a">Lussing, Hendrik</subfield>
      <subfield code="q">(Hendrik Matthysz.),</subfield>
      <subfield code="d">1724-1784.</subfield>
      <subfield code="1">https://id.oclc.org/worldcat/entity/E39PCjyTD4xvdJtYrXGCYhcv6q</subfield>
    </datafield>
    <datafield tag="245" ind1="1" ind2="0">
      <subfield code="a">Gezangen voor de oude mannen en vrouwen, in 't Diaconie huis :</subfield>
      <subfield code="b">het eene bij den maaltijd hun gegeven bij gelegenheid van 't eeuwfeest van gemelde huis den 24sten February 1783 : het andere ten doorgaande gebruike /</subfield>
      <subfield code="c">door H. L. Mz.</subfield>
    </datafield>
    <datafield tag="260" ind1=" " ind2=" ">
      <subfield code="a">[S.l.],</subfield>
      <subfield code="c">[1783]</subfield>
    </datafield>
    <datafield tag="300" ind1=" " ind2=" ">
      <subfield code="a">[8] p. ;</subfield>
      <subfield code="c">4-o.</subfield>
    </datafield>
    <datafield tag="336" ind1=" " ind2=" ">
      <subfield code="a">tekst</subfield>
      <subfield code="b">txt</subfield>
      <subfield code="2">rdacontent/dut</subfield>
    </datafield>
    <datafield tag="337" ind1=" " ind2=" ">
      <subfield code="a">zonder medium</subfield>
      <subfield code="b">n</subfield>
      <subfield code="2">rdamedia/dut</subfield>
    </datafield>
    <datafield tag="338" ind1=" " ind2=" ">
      <subfield code="a">band</subfield>
      <subfield code="b">nc</subfield>
      <subfield code="2">rdacarrier/dut</subfield>
    </datafield>
    <datafield tag="500" ind1=" " ind2=" ">
      <subfield code="a">H. L. Mz. is Hendrik Lussing Matthijszoon.</subfield>
    </datafield>
    <datafield tag="500" ind1=" " ind2=" ">
      <subfield code="a">Met notenschr.</subfield>
    </datafield>
    <datafield tag="510" ind1="0" ind2=" ">
      <subfield code="a">Catalogus Kloosterboer 2570</subfield>
    </datafield>
    <datafield tag="510" ind1="0" ind2=" ">
      <subfield code="a">Knuttel 20613 (vgl.)</subfield>
    </datafield>
    <datafield tag="758" ind1=" " ind2=" ">
      <subfield code="a">Gezangen voor de oude mannen en vrouwen, in 't Diaconie huis (Text)</subfield>
      <subfield code="1">https://id.oclc.org/worldcat/entity/E39PCGCdKPm48h8Fkfj66kHbwK</subfield>
      <subfield code="4">https://id.oclc.org/worldcat/ontology/hasWork</subfield>
    </datafield>
    <datafield tag="776" ind1="0" ind2=" ">
      <subfield code="t">Gezangen voor de oude mannen en vrouwen, in 't Diaconie huis</subfield>
      <subfield code="w">(NL-LeOCL)394972201</subfield>
    </datafield>
    <datafield tag="936" ind1=" " ind2=" ">
      <subfield code="a">BATCHLOAD</subfield>
    </datafield>
  </record>